| 000 | 01284namaa2200313 i 4500 | ||
|---|---|---|---|
| 003 | EG-GICUC | ||
| 005 | 20260315113246.0 | ||
| 008 | 260315s1948 le ||||gr|||| 000 0 ara d | ||
| 040 |
_aEG-GiCUC _bara _cEG-GiCUC _dEG-GiCUC _erda |
||
| 082 | 0 | 4 |
_221 _a245 _bJ419t |
| 092 | 0 | 4 |
_221 _a245 _bJ419t |
| 099 | _a245 J419t | ||
| 100 | 1 |
_aابن الجوزى، أبو الفرج عبد الرحمن بن علي، _dحوالي 1116-1201 _eمؤلف. |
|
| 245 | 1 | 0 |
_aتلبيس ابليس / _cجمال الدين أبى الفرج عبد الرحمن بن الجوزى البغدادى. |
| 264 |
_aبيروت : _bدار الكتب العلمية، _c[1948] |
||
| 300 |
_a414 ؛ صفحة _c24 سم _bإيضاحيات، صور، مثيليات ؛ Illustrations |
||
| 336 |
_2rdacontent _atext |
||
| 337 |
_2rdamedia _aUnmediated |
||
| 338 |
_2rdacarrier _avolume |
||
| 504 | _aيشتمل على ارجاعات ببليوجرافية. | ||
| 541 |
_aد. جابر عصفور ؛ _bالقاهرة ؛ _cإهداء ؛ _d2024. |
||
| 650 | 1 |
_aالتصوف. _2qrmak |
|
| 650 | 1 |
_aالبدع فى الاسلام _2qrmak |
|
| 650 | 1 |
_aالتصوف _xالادب الجدلى. _2qrmak |
|
| 650 | 1 |
_aالفرق الاسلامية. _2qrmak |
|
| 651 | 1 | _2qrmak | |
| 905 | _aAsmaa | ||
| 942 |
_2ddc _cBK _e21 _n0 |
||
| 999 |
_c179038 _d179038 |
||